Dune Actors Quiz - Statistics

General Stats
  • This quiz has been taken 57 times
  • The average score is 11 of 13
Answer Stats
Hint Answer % Correct
Paul Atreides Timothee Chalamet
96%
Chani Zendaya
92%
Lady Jessica Atreides Rebecca Ferguson
90%
Feyd-Rautha Austin Butler
88%
Duncan Idaho Jason Momoa
88%
Duke Leto Atreides Oscar Isaac
88%
Baron Vladimir Harkonnen Stellan Skarsgard
88%
Princess Irulan Florence Pugh
85%
Stilgar Javier Bardem
85%
Emperor Christopher Walken
83%
Gurney Halleck Josh Brolin
83%
Reverend Mother Mohiam Charlotte Rampling
81%
Lady Margot Fenring Lea Seydoux
79%
No matching quizzes found
Score Distribution
Percent of People with Each Score
Percentile by Number Answered
Your Score History
You have not taken this quiz